00439 2200169 4500001002100000008004100021035002000062245003700082100001500119260004100134300002100175020001800196084001400214082000800228650001900236990001400255INLIS000000000000589 ind  a0010-0825000123 aHafalan Shalat DelisacTere Liye aLiye, Tere aJakarta :bRepublika Penerbit,c2014 a266 hlm.c19 cm. a9789793210605 a895 LIY h a895 aFiksi Keluarga a000000761